000 00759cam a2200241 a 4500
001 000014331
003 DO-SdBNP
005 20251030100748.0
008 761023s1976 ve 000 0 spa
040 _aDO-SdBNP
_bspa
_cLC
_dBNPHU
049 _aBNGR
082 _a330.987
_bM357e
100 1 _aMarquez, Guillermo D.
_932346
245 1 3 _aLa economía venezolana en la década del 70 :
_balgunas reflexiones /
_cGuillermo D. Marquez.
260 _aCaracas :
_bMonte Avila,
_c1976.
300 _a169 p. ;
_c18 cm.
490 1 _aEstudios
651 0 _aVenezuela
_xCondiciones económicas
_y1918-1958.
_926230
651 0 _aVenezuela
_xPolítica Económica
_926230
830 0 _aEstudios
_93854
910 _aCatalogación por copia/LC
942 _2ddc
_cLBS1
999 _c13926
_d13926